00330nam a2200133Ia 45000010005000000080041000050200022000460820022000681000023000902450017001132600023001309010028001539990015001813907241024s9999 xx 000 0 und d a978-9945-465-31-0 aRD/863.97293/J61p aJosefina Jiménez 0aPedro Ranita bEdiciones CPc2013 a29/1/2015 10:12:44 a.m. c7768d7768